000 01272nas a2200325 i 4500
001 180001
003 ES-MaACL
005 20250812063131.0
008 120314d18111813sp | | ||pa d
040 _cES-MaACL
080 _a32(460)"1808/14"
110 1 _aEspaña.
_bCortes de Cádiz
_93663
245 1 0 _aDiario de las discusiones y actas de las Cortes
246 1 _aDiario de las Cortes
246 1 _aDiario de las actas y sesiones extraordinarias de las Cortes Generales y Extraordinarias
260 _aCádiz :
_bImprenta Real,
_c1811-1813
300 _a21 volúmenes ;
_c21 cm
310 _aIrregular
362 0 _aT. 1. (24 sept. 1810)-(nov. 1813)
505 _aIncluye "Discusión del proyecto de decreto sobre el Tribunal de la Inquisición" de 1813
530 _aDisponible en formato digital
651 4 _aEspaña-
_xPolítica y gobierno-
_y1808-1814
_9241718
710 2 _aImprenta Real (Cádiz)
_eedt
_eprm
_9241717
852 4 _aES-MaACL
_cDEPOZ
_dOlim: C-3760-80
_jZ-171-191
_xPergamino
856 4 _uhttps://catalog.hathitrust.org/Record/009349474
_yVersión en línea
_z(HathiTrust Digital Library)
866 0 _o1811-1813
942 _2udc
_cPERIODICA
_n0
999 _c180001
_d180001
955 _bPilar Fernández Vera